00407cam a22001337a 4500008004000000082001800040100002300058245009300081250001200174260003300186300001000219500001200229650003200241180718b1952 xxu||||| |||| 00| 0 eng d aA6x54 Sa82p/2 aSathianathaier, R. aA political and cultural history of India, vol.II: Mediaeval Indiacby R. Sathianathaier a2nd ed. aMadrasbS. Viswanathanc1952 a480p. aRs.5.50 aIndia - History - 1200-1707